Tilastot visalle Suurimmat suomalaiset yritykset liikevaihdon (2013) mukaan

Klikkaa tästä pelataksesi tätä visaa!

Yleistilastot

  • Tätä visaa on pelattu 174 kertaa
  • Keskiarvotulos 5 / 15

Vastaustilastot

Liikevaihto € (v. 2013)Yritys% Oikein
23 444 000 000 €Nokia
91%
6 933 000 000 €KONE
77%
10 544 000 000 €Stora Enso
39%
10 054 000 000 €UPM
39%
9 315 000 000 €Kesko
38%
17 462 000 000 €Neste Oil
35%
4 932 000 000 €Metsä Group
29%
6 056 000 000 €Fortum
28%
6 745 000 000 €Outokumpu
27%
6 534 000 000 €OP-Pohjola
19%
8 539 000 000 €SOK
17%
6 738 000 000 €Sampo
17%
5 901 000 000 €Ilmarinen
4%
6 228 000 000 €Varma
2%
4 676 000 000 €North European Oil Trade
1%

Tulosjakauma

Persentiili vastausten määrän mukaan

Jokaisen tuloksen saaneiden osuus

Tuloshistoriasi

Et ole pelannut tätä visaa